Delhi, 1857 / (Record no. 35056)
[ view plain ]
| 000 -LEADER | |
|---|---|
| fixed length control field | 01242nam a2200313 a 4500 |
| 005 - DATE AND TIME OF LATEST TRANSACTION | |
| control field | 20180228115141.0 |
| 010 ## - LCCN (DPL NO) | |
| LC control number | B-379443 |
| 020 ## - INTERNATIONAL STANDARD BOOK NUMBER | |
| International Standard Book Number | 9788175365025 |
| Terms of availability | 250.00 |
| 035 ## - SYSTEM CONTROL NUMBER | |
| System control number | B-379443 |
| 035 ## - SYSTEM CONTROL NUMBER | |
| System control number | B-689623 |
| 037 ## - SOURCE OF ACQUISITION | |
| Source of stock number/acquisition | UBH |
| 037 ## - SOURCE OF ACQUISITION | |
| Source of stock number/acquisition | Aakar |
| 082 ## - DEWEY DECIMAL CLASSIFICATION NUMBER | |
| Classification number | 954.0317 |
| 100 ## - MAIN ENTRY--PERSONAL NAME | |
| Personal name | Norman, Henry W. |
| 245 ## - TITLE STATEMENT | |
| Title | Delhi, 1857 / |
| Statement of responsibility, etc | by Sir Henry W. Norman [and] Mrs. Kieth Young |
| 260 ## - PUBLICATION, DISTRIBUTION, ETC. (IMPRINT) | |
| Place of publication, distribution, etc | Delhi |
| Name of publisher, distributor, etc | Low Price Publications |
| Date of publication, distribution, etc | 2010 |
| 270 ## - ADDRESS | |
| Address | A-6, Second Floor, Nimri Commerical Centre, Ashok Vihar Phase-IV, |
| City | Delhi |
| Postal code | 110052 |
| 300 ## - PHYSICAL DESCRIPTION | |
| Extent | xxv, 371 p., [30] leaves of plates : |
| Other physical details | ill., 2 folded maps, ports. ; |
| Dimensions | 23 cm(Hb) |
| 500 ## - GENERAL NOTE | |
| General note | Includes glossary and index |
| 600 ## - SUBJECT ADDED ENTRY--PERSONAL NAME | |
| Personal name | Young, Keith, |
| Dates associated with a name | 1808-1862 |
| General subdivision | Correspondence. |
| 600 ## - SUBJECT ADDED ENTRY--PERSONAL NAME | |
| Personal name | Young, Keith |
| Dates associated with a name | 1808-1862 |
| General subdivision | Diaries. |
| 600 ## - SUBJECT ADDED ENTRY--PERSONAL NAME | |
| Personal name | Young, Keith, |
| Titles and other words associated with a name | Mrs. |
| General subdivision | Correspondence. |
| 650 ## - SUBJECT ADDED ENTRY--TOPICAL TERM | |
| Topical term or geographic name as entry element | Soldiers |
| Geographic subdivision | India |
| General subdivision | Correspondence. |
| 650 ## - SUBJECT ADDED ENTRY--TOPICAL TERM | |
| Topical term or geographic name as entry element | Soldiers |
| Geographic subdivision | Great Britain |
| General subdivision | Correspondence. |
| 700 ## - ADDED ENTRY--PERSONAL NAME | |
| Personal name | Young, Keith |
| 942 ## - ADDED ENTRY ELEMENTS (KOHA) | |
| Source of classification or shelving scheme | Dewey Decimal Classification |
| Item type | English Books |
| Classification part | 954.0317 |
| Call number suffix | NOR |
| Withdrawn status | Lost status | Not for loan | Collection code | Home library | Current library | Date acquired | Source of acquisition | Cost, normal purchase price | Full call number | Barcode | Copy number | Cost, replacement price | Koha item type |
|---|---|---|---|---|---|---|---|---|---|---|---|---|---|
| Not For Loan | Reference | Central Library | Central Library | 03/04/2010 | UBH/245/24.2.10/178/23.2.10/24.2.10 | 250.00 | 954.0317 NOR | B-379443 | 1 | 250.00 | English Books | ||
| Not For Loan | Reference | Central Library | Central Library | 28/02/2018 | Aakar/I-2742/22.02.18/BPPD/EN/spl/2017-18/889/21.02.2018/22.02.2018 | 250.00 | 954.0317 NOR | B-689623 | 1 | 250.00 | English Books |
